A B C... Meus primeiros passos na leitura e na escrita (Record no. 194541)

MARC details
000 -LÍDER
campo de controle de tamanho fixo 00435 a2200169 4500
001 - NÚMERO DE CONTROLE
campo de controle 194541
020 ## - ISBN - INTERNATIONAL STANDARD BOOK NUMBER
ISBN - International Standard Book Number 9788447111954
040 ## - FONTE DA CATALOGAÇÃO
Instituição que transcreveu o registro Magnum
100 ## - ENTRADA PRINCIPAL--NOME PESSOAL
Nome pessoal STRZALKOWSKA, Margorzata
240 10 - TÍTULO UNIFORME
Título uniforme A B C... Meus primeiros passos na leitura e na escrita
Idioma da obra por
245 10 - TÍTULO
Título A B C... Meus primeiros passos na leitura e na escrita
300 ## - DESCRIÇÃO FÍSICA
Extensão 26
362 0# - DATAS DE PUBLICAÇÃO E/OU DESIGNAÇÃO SEQUENCIAL
Datas de publicação e/ou designação sequencial 2010
440 #1 - DECLARAÇÃO DE SÉRIE/ENTRADA ADICIONADA--TÍTULO
Título Salvat
697 ## - ENTRADA DE ASSUNTO LOCAL--ENTIDADE COLETIVA (RLIN)
Nome corporativo ou nome da jurisdição LITERATURA INFANTIL
942 ## - ELEMENTOS DE ENTRADA ADICIONADOS (KOHA)
Tipo de material Koha Livros
Holdings
Situação do descarte Situação das perdas Situação física Não pode ser emprestado Biblioteca de origem Biblioteca atual Data de aquisição Total de empréstimos Número de chamada completo Código de barras Data de último acesso Data do preço efetivo Tipo de material Koha
        Magnum Magnum 08/06/2024   869.0.1715 MAG00073830 08/06/2024 08/06/2024 Livros